In vitro studies on biological control of Phytophthora meadii using Trichoderma spp (Record no. 60962)
[ view plain ]
| 000 -LEADER | |
|---|---|
| fixed length control field | 01034nam a2200217Ia 4500 |
| 100 ## - MAIN ENTRY--AUTHOR NAME | |
| Personal name | Vanitha S |
| 245 #0 - TITLE STATEMENT | |
| Title | In vitro studies on biological control of Phytophthora meadii using Trichoderma spp |
| 260 ## - PUBLICATION, DISTRIBUTION, ETC. (IMPRINT) | |
| Name of publisher | IRRDB symposium on diseases of Hevea Cochin, India, 21-22 November 1994 |
| Year of publication | 1994 |
| 300 ## - PHYSICAL DESCRIPTION | |
| Number of Pages | 78-81 |
| 520 ## - SUMMARY, ETC. | |
| Summary, etc | An attempt was made to study the effect of antagonistic fungi, Trichoderma viride, T. koningi and T. harzianum, against Phytophthora meadii which causes abnormal leaf fall disease in rubber (Hevea brasiliensis). In vitro screening of these antagonists showed that all inhibited growth of the pathogen. The antagonists were also found to penetrate the oospores of the fungus and cause their lysis. |
| 650 ## - SUBJECT ADDED ENTRY--TOPICAL TERM | |
| Topical Term | Abnormal leaf fall |
| 650 ## - SUBJECT ADDED ENTRY--TOPICAL TERM | |
| Topical Term | Antagonistic effect |
| 650 ## - SUBJECT ADDED ENTRY--TOPICAL TERM | |
| Topical Term | Biological control |
| 650 ## - SUBJECT ADDED ENTRY--TOPICAL TERM | |
| Topical Term | Hevea |
| 650 ## - SUBJECT ADDED ENTRY--TOPICAL TERM | |
| Topical Term | Phytophthora meadii |
| 650 ## - SUBJECT ADDED ENTRY--TOPICAL TERM | |
| Topical Term | Trichoderma spp |
| 700 ## - ADDED ENTRY--PERSONAL NAME | |
| Personal name | Jacob C K |
| 700 ## - ADDED ENTRY--PERSONAL NAME | |
| Personal name | Jayarathnam K |
| 942 ## - ADDED ENTRY ELEMENTS (KOHA) | |
| Koha item type | Journals |
| Withdrawn status | Lost status | Damaged status | Not for loan | Home library | Current library | Shelving location | Date acquired | Koha item type |
|---|---|---|---|---|---|---|---|---|
| Journals | RRII Library | RRII Library | Pathology | 17/12/2021 | Journals |